00321pab a2200133 454500008004000000100002200040245002600062260000900088300001300097362001000110650001300120650002000133773003400153180718b2008 xxu||||| |||| 00| 0 eng d aGuha, Ramachandra aAutonomy and ideology c2008 ap.33-35. a2 Feb aResearch aSocial research aEconomic and Political Weekly